Inovačné podnikanie malých a stredných podnikov

Bibliographic Details
Main Author: Daňková, Alena (Author)
Format: Article
Language:Slovak
PhysicalDescription:Tab.
ISSN:0323-262X
Subjects:

MARC

LEADER 00000nab a2200000 a 4500
001 vtls000751628
003 SK-MaSNL
005 20260302192648.0
008 140402c1997 xo 0 slo
015 |a SNBRB2001/03-09504 
035 |a CLN000103422 
040 |a SNKBUCL  |b slo  |c SNKBUCL  |e AACR2 
041 0 |a slo 
044 |a xo  |c SK 
080 |a 658.114.017.2/.3(437.6):330.341.1  |2 1997 
080 |a 330.341.1(437.6)  |2 1997 
080 |a 659.23(437.6)  |2 1997 
080 |a 658.51.001.76(437.6)  |2 1997 
080 |a 332.1(437.6)  |2 1997 
100 1 |a Daňková, Alena  |4 aut  |9 9710 
245 1 0 |a Inovačné podnikanie malých a stredných podnikov  |c Alena Daňková 
300 |b Tab. 
504 |a Res. angl. 
504 |a Bibliogr. odkazy 
650 0 7 |a podnikanie malé  |x podnikanie stredné  |x centrá inkubačné  |x rozvoj regionálny  |z Spiš (Slovensko)  |2 snkbucl  |9 910166 
650 0 7 |a inkubátory podnikateľské  |2 snkbucl  |9 847796 
650 0 7 |a centrá inkubačné  |2 snkbucl  |9 910167 
650 0 7 |a centrá podnikateľské a inovačné  |2 snkbucl  |9 910168 
650 0 7 |a regionálny rozvoj  |2 snkbucl  |9 2352 
655 7 |a články z novín a časopisov  |2 snkbucl  |9 267496 
773 0 |t Ekonomické rozhľady  |g Roč. 26, č. 3 (1997), s. 276-283  |x 0323-262X 
850 |a Slovenská národná knižnica v Martine 
852 |a SNK  |b KIS3GCP 
958 |a NB 
958 |a SK 
992 |a RBX 
999 |c 1441613  |d 1443543